Od nárokovosti k zásluhovosti druhý stupeň dôchodkového zabezpečenia...
Definícia sociálneho zabezpečenia. Praktický dopad starnutia obyvateľstva na financovanie dôchodkového zabezpečenia. Riešenie takejto nepriaznivej situácie pomocou sústavy dôchodkového zabezpečenia. Doplnkové dôchodkové poistenie a jeho daňové zvýhodnenie. Penzijné programy. Sociálne zabezpečenie v...
Na minha lista:
| Autor principal: | |
|---|---|
| Formato: | Capítulo de Livro |
| Idioma: | eslovaco |
| Assuntos: | |
| Tags: |
Sem tags, seja o primeiro a adicionar uma tag!
|
MARC
| LEADER | 00000naa a2200000 4500 | ||
|---|---|---|---|
| 001 | r032663 | ||
| 005 | 20230824095351.2 | ||
| 041 | 0 | |a slo | |
| 044 | |a SK | ||
| 245 | 1 | 0 | |a Od nárokovosti k zásluhovosti |b druhý stupeň dôchodkového zabezpečenia... |c Eva Rievajová |
| 520 | |a Definícia sociálneho zabezpečenia. Praktický dopad starnutia obyvateľstva na financovanie dôchodkového zabezpečenia. Riešenie takejto nepriaznivej situácie pomocou sústavy dôchodkového zabezpečenia. Doplnkové dôchodkové poistenie a jeho daňové zvýhodnenie. Penzijné programy. Sociálne zabezpečenie v krajinách EÚ. | ||
| 610 | 2 | 0 | |a poistenie dôchodkové doplnkové |
| 610 | 2 | 0 | |a zabezpečenie dôchodkové |
| 610 | 2 | 0 | |a zabezpečenie sociálne |
| 610 | 2 | 0 | |a pripoistenie |
| 610 | 2 | 0 | |a problémy spoločenské |
| 610 | 2 | 0 | |a politika dôchodková |
| 610 | 2 | 0 | |a vek postproduktívny |
| 100 | 1 | |a Rievajová, Eva | |